Pokémon - Les attaques de Zekrom - Statistiques

Statistiques générales
  • Ce quiz a été pris 32 fois
  • Le résultat moyen est 10 sur 15
Statistiques - réponses
Niveaux Types Noms des attaques % Correct
Niveau 48 Électrique Éclair Croix
100%
Niveau 32 Dragon Draco-Griffe
95%
Niveau 64 Électrique Fatal-Foudre
89%
Niveau 40 Électrique Tonnerre
89%
Niveau 88 Électrique Charge Foudre
84%
Niveau 80 Dragon Colère
84%
Départ Dragon Draco-Souffle
84%
Départ Roche Pouvoir Antique
79%
Niveau 24 Psy Psykoud'Boul
79%
Niveau 16 Ténèbres Mâchouille
63%
Niveau 8 Normal Tranche
37%
Départ Électrique Crocs Éclair
32%
Niveau 72 Psy Possessif
32%
Niveau 56 Normal Mégaphone
21%
Départ Normal Râle Mâle
11%
Aucun quiz correspondant
Distribution des résultats
% des personnes avec chaque résultat
Percentile par nombre de réponses
Votre historique - résultats
Vous n’avez pas pris ce quiz